000 00667nam a2200193Ia 4500
005 20250923145118.0
008 008 250917s9999 xx 000 0 eng d
037 _aTextual
040 _aDSWL
_beng
_cDSWL
041 _aeng
_2eng
084 _aZg, N63.10
_qDSWL
245 4 _aThe Collected works of Mahatma Gandhi Vol X (Nov 1909- March 1911)
_cby Publication Division , Ministry of Information & Broadcasting , Govt India
260 _bPublication Division , Ministry of Information & Broadcasting , Govt India
_c1963
300 _axxi,603 p.
365 _aINR
_b15
925 _g15
942 _cTEXL
_hZg, N63.10
999 _c1447259
_d1447259